Riadenie výkonnosti a jeho vplyv na hodnotu podniku

Miesto technológií Business Intelligence (BI) v podnikoch. Technológie BI. Vzťahy medzi komponentmi BI. Efekty riešenia BI. Efekty pre celkovú výkonnosť podniku a jeho riadenia. BI - faktor ovplyvňujúci hodnotu podniku.

Salvato in:
Dettagli Bibliografici
Autore principale: Harumová, Anna, 1955-
Altri autori: Búci, Ferdinand
Natura: Capitolo di libro
Lingua:slovacco
Soggetti:
Tags: Aggiungi Tag
Nessun Tag, puoi essere il primo ad aggiungerne!!

MARC

LEADER 00000nla$a2200000$$$4500
001 0084357
005 20240502083223.4
041 0 |a slo 
044 |a CZ 
245 1 0 |a Riadenie výkonnosti a jeho vplyv na hodnotu podniku  |c Anna Harumová, Ferdinand Búci 
520 |a Miesto technológií Business Intelligence (BI) v podnikoch. Technológie BI. Vzťahy medzi komponentmi BI. Efekty riešenia BI. Efekty pre celkovú výkonnosť podniku a jeho riadenia. BI - faktor ovplyvňujúci hodnotu podniku. 
610 2 0 |a riadenie podnikové 
610 2 0 |a technológie informačné 
610 2 0 |a hardvér 
610 2 0 |a softvér 
610 2 0 |a výkonnosť 
610 2 0 |a hodnota 
610 2 0 |a náklady 
610 2 0 |a príjmy 
610 2 0 |a zisk 
100 1 |a Harumová, Anna, 1955- 
700 1 |a Búci, Ferdinand